| 000 | 00372nam a2200133Ia 4500 | ||
|---|---|---|---|
| 008 | 180922s9999 xx 000 0 und d | ||
| 020 | _a9780471748991 | ||
| 100 | _aRoss,Blake. | ||
| 245 |
_cBlake Ross.-- _aFirefox for dummies / |
||
| 260 |
_aNew Jersey : _bWiley Publishing _c2006 |
||
| 300 | _a361 pages. | ||
| 650 | _aBrowsers (Computer programs). | ||
| 650 | _aFirefox. | ||
| 999 |
_c358823 _d358823 |
||